Responses for Show #7226 - Monday, February 1, 2016

2016 College Championship quarterfinal game 1.

Contestants

[<< previous game]

Emily Sun, a freshman at Columbia University from San Diego, California

Carissa Pekny, a senior at the U.S. Military Academy at West Point from West Lafayette, Indiana

Adam Antoszewski, a junior at the University of Virginia from Baltimore, Maryland

[next game >>]

Jeopardy! Round responses

IN WHICH MONTH?
ELECTION TERMS
SHEER WILL
COUNTRIES' PROVINCES
POP SONGS OF 2015
"EX"s & "OH"s
    $200 30
December

Adam
    $200 22
(Emily: What is impeachment?)

recall

Emily
Triple Stumper
    $200 1
Princess Diana

Carissa
    $200 17
South Africa

Emily
    $200 5
Justin Bieber

Emily
    $200 21
the extremes

Triple Stumper
    $400 29
June

Carissa
    $400 9
a plank

Triple Stumper
    $400 2
Will Ferrell

Carissa
    $400 13
Cuba

Adam
    $400 6
Fall Out Boy

Carissa
    $400 19
(Apolo Anton) Ohno

Emily
    $600 28
May

Carissa
    $600 10
a running mate

Emily
    $600 3
(Adam: Who is William Lloyd Garrison?)
(Carissa: Who is John Fitzgerald Kennedy?)

William Jennings Bryan

AdamCarissaEmily
    $600 14
Austria

Carissa
    $600 7
Nick Jonas

Carissa
    $600 18
an example

Carissa
    $800 26
July

Emily
    $700 11
(Emily: What are polls?)
(Alex: Be more specific.)
(Emily: Like...voting polls.)

an exit poll

Emily
    $800 24
(William) Burroughs

Emily
    $800 15
Afghanistan

Carissa
    $800 4
Chris Brown

Triple Stumper
    $800 12
(Georg) Ohm

Carissa
    $1000 27
November

Emily
    $1000 23
an endorsement

Adam
    $1000 25
William Randolph Hearst

Carissa
    $1000 16
Panama

Triple Stumper
    $1000 8
Wiz Khalifa

Carissa
    $1000 20
exacerbate

Adam

Scores at the first commercial break (after clue 15):

Adam Carissa Emily
-$200 $4,200 $700

Scores at the end of the Jeopardy! Round:

Adam Carissa Emily
$2,000 $6,800 $3,700

Double Jeopardy! Round responses

AFRICAN-AMERICAN HISTORY
POP-POURRI
ARCHITECTURE & BUILDING
REQUIRED READING
5-LETTER WORDS
SEEING STARS
    $400 2
Topeka

Carissa
    $400 15
Call of Duty

Adam
    $400 16
Gothic

Carissa
    $400 1
Julius Caesar

Carissa
    $400 21
an oasis

Adam
    $400 30
red

Carissa
    $1,000 3
(Carissa: Who is W. E. B. Du Bois?)

Booker T. Washington

Carissa
    $800 13
(Adam: What is Little Red Riding Hood?)

Supergirl

AdamEmily
    $800 17
(Emily: What is a door?)

a roof

CarissaEmily
    $800 7
Pride and Prejudice

Adam
    $800 22
a Swede

Triple Stumper
    $800 29
Pegasus

Adam
    $1200 4
the Amistad

Adam
    $1200 14
BoJack Horseman

Adam
    $1200 18
(Carissa: What is the Hard Rock Cafe?)

the Luxor

Carissa
Triple Stumper
    $2,000 8
(Adam: What... is... Oresteia?)

Lysistrata

Adam
    $1200 23
toxic

Emily
    $1200 28
(Adam: What is Sirius?)

Canis Major

AdamEmily
    $1600 5
(Zora Neale) Hurston

Adam
    $1600 11
Bernie Sanders

Adam
    $1600 19
marble

Triple Stumper
    $1600 9
The Moonstone

Emily
    $1600 24
(Adam: What is a cello?)

a viola

AdamEmily
    $1600 25
the Milky Way

Emily
    $2000 6
(Emily: What is the Philharmonic?)

the Metropolitan Opera

Emily
Triple Stumper
    $2000 12
(Carissa: What is MAC?)

OPI

CarissaEmily
    $2000 20
Le Corbusier

Triple Stumper
    $2000 10
Susan Faludi

Triple Stumper
    $2000 27
(Emily: What is... queer?)

eerie

AdamEmily
    $2000 26
Herschel

Emily

Scores at the end of the Double Jeopardy! Round:

Adam Carissa Emily
$6,400 $5,000 $10,900

Final Jeopardy! Round responses

U.S. NATURAL WONDERS
CarissaWhat is Yellowstone National Park
$5,000
AdamWhat is old Faithful?
$6,400
EmilyWhat is Yosemite
$1,901
the Grand Canyon

Final scores:

Adam Carissa Emily
$0 $0 $8,999
2nd place: $5,000 if eliminated 3rd place: $5,000 if eliminated Automatic semifinalist

Game dynamics:

Coryat scores:

Adam Carissa Emily
$8,400 $6,000 $11,600
13 R,
5 W
(including 1 DD)
17 R,
4 W
(including 1 DD)
16 R,
5 W
(including 1 DD)

Combined Coryat: $26,000

[game clues] [game scores] [suggest correction]

Game tape date: 2016-01-05
The J! Archive is created by fans, for fans. Scraping, republication, monetization, and malicious use prohibited; this site may use cookies and collect identifying information. See terms. The Jeopardy! game show and all elements thereof, including but not limited to copyright and trademark thereto, are the property of Jeopardy Productions, Inc. and are protected under law. This website is not affiliated with, sponsored by, or operated by Jeopardy Productions, Inc. Join the discussion at JBoard.tv.